The spatial distribution of male and female employment and unemployment in Greece

Αποθηκεύτηκε σε:
Λεπτομέρειες βιβλιογραφικής εγγραφής
Κύριος συγγραφέας: Προδρομίδης, Πρόδρομος Ιωάννης Κ.
Μορφή: Βιβλίο
Γλώσσα:English
Δημοσίευση: Athens : Centre for Planning and Economic Research, 2008
Σειρά:Studies ; ; 66
Θέματα:
Ετικέτες: Προσθήκη ετικέτας
Δεν υπάρχουν, Καταχωρήστε ετικέτα πρώτοι!

MARC

LEADER 00000cam a2200000 i 4500
001 1/7160
008 100504s2008 eng d
020 |a 978-960-341-081-2 
022 |a 11085789 
035 |l 10107764 
040 |a GR-MY-UA  |b gre  |e aacr 
041 0 |a eng 
082 0 |a 331.1109495  |2 (22) 
100 1 |a Προδρομίδης, Πρόδρομος Ιωάννης Κ. 
245 1 4 |a The spatial distribution of male and female employment and unemployment in Greece /  |c Prodromos-Ioannis K. Prodromidis 
260 |a Athens :   |b Centre for Planning and Economic Research,   |c 2008 
300 |a 262 σ.;  |b διαγρ., πίν., χάρτες;  |c 25 εκ. 
490 1 |a Studies  |v ; 66  |x 1108-5789 
504 |a Βιβλιογραφία: σ. 223-230 
504 |a Ευρετήριο: σ. 231-262 
650 0 0 |a Labor supply  |z Greece  |x Econometric models. 
650 0 0 |a Employment  |z Greece  |x Research. 
650 0 0 |a Employment (Economic theory)  |z Greece. 
650 0 0 |a Unemployment  |z Greece. 
830 0 |a Studies ;  |v ; 66  |x 1108-5789 
852 |a INST  |b CHIOS  |e 20100519  |h 331.1109495 ΠΡΟ  |p 005200030029  |q 005200030029  |t BK  |y 0 
852 |a INST  |b LESVOS  |e 20100504  |h 331.1109495 ΠΡΟ  |p 005100047018  |q 005100047018  |t BK  |y 0 
901 |a BIBL1-2010-2 
901 |a BIBL2-2010-2 
909 |a Λ  |b 163184 
909 |a Χ  |b 147521 
970 |a ΓΙΑΛΑΜΑ  |b ΜΑΡΙΑ  |z 2010/05/04